000 00457nam a2200181Ia 4500
001 11698
005 20260306162847.0
008 260306t2002||||xx |||||||||||||| ||spa||
041 _aESP
082 _a994
_bH88
100 _aHughes, Robert
_eAUT
245 0 _aLa costa fatídica:
_bLa epopeya de la fundación de Australia
260 _c2002
300 _axxiv, 727 páginas :
_c25 cm.
650 _aGEN
654 _aCHU
942 _cLIB
_dJUS
_fJUS
_2ddc
_n
999 _c11698
_d11698